| 000 | 00000nas##2200000za#4500 |
| 001 | 9.504265 |
| 003 | CaOODSP |
| 005 | 20200325102332 |
| 007 | cr ||||||||||| |
| 008 | 150406c2000||||xxc|| m o||||f| |0fre|d |
| 040 | |aCaOODSP|bfre |
| 043 | |an-cn--- |
| 086 | 1 |aBT42F-PDF |
| 110 | 1 |aCanada. |bConseil du trésor. |
| 245 | 10|aConvention entre le Conseil du Trésor et l'Alliance de la Fonction publique du Canada |h[ressource électronique] |
| 260 | |aOttawa - Ontario : |bSecrétariat du Conseil du Trésor du Canada |
| 520 | 3 |aA pour objet d’assurer le maintien de rapports harmonieux et mutuellement avantageux entre l’Employeur, les employé-e-s et l’Alliance et d’énoncer certaines conditions d’emploi dont il a été convenu dans le cadre de la négociation collective. |
| 775 | 08|tAgreement between the Treasury Board and the Public Service Alliance of Canada |w(CaOODSP)9.507887 |
| 776 | 0#|tAgreement between the Treasury Board and the Public Service Alliance of Canada |w(CaOODSP)9.508986 |
| 776 | 0#|tConvention entre le Conseil du Trésor et l'Alliance de la Fonction publique |w(CaOODSP)9.508987 |